[Event "Krasnodar Winter B"]
[Site "Krasnodar"]
[Date "2011.02.07"]
[Round "9"]
[White "Sapronov, Anatoliy"]
[Black "Likhopek, Vladimir"]
[Result "1/2-1/2"]
[WhiteElo "1780"]
[BlackElo "1778"]
[PlyCount "82"]
[EventDate "2011.02.02"]
[EventType "tourn"]
[EventRounds "13"]
[EventCountry "RUS"]
[SourceTitle "EXT 2022"]
[Source "ChessBase"]
[SourceDate "2021.10.06"]
[SourceVersion "1"]
[SourceVersionDate "2021.10.06"]
[SourceQuality "1"]

1. d4 Nf6 2. c4 e6 3. Nc3 Bb4 4. Qc2 c5 5. Nf3 Nc6 6. dxc5 Bxc5 7. Bg5 0-0 8. a3 Qb6 9. e3 Be7 10. Bd3 Qc7 11. Bxf6 Bxf6 12. Bxh7+ Kh8 13. Be4 Ne5 14. Nxe5 Bxe5 15. f4 Bf6 16. 0-0 Qxc4 17. Rf3 Re8 18. g4 d5 19. Rh3+ Kg8 20. Bh7+ Kf8 21. g5 Bxc3 22. Bd3 Qc5 23. Qa4 Ke7 24. bxc3 Bd7 25. Qb3 e5 26. f5 e4 27. Bf1 Bxf5 28. Rg3 b6 29. Rd1 Be6 30. Rd4 Rac8 31. Qa4 Qxc3 32. Qxa7+ Qc7 33. Qa4 Qc2 34. Qb4+ Qc5 35. Qb3 Ra8 36. a4 Rec8 37. Rg2 Qa5 38. Rgd2 Rc3 39. Qb2 Rac8 40. Rb4 Qc5 41. Rdd4 Rxe3 1/2-1/2

[Event "Krasnodar Winter B"]
[Site "Krasnodar"]
[Date "2011.02.05"]
[Round "6"]
[White "Shcheglov, Vladimir A"]
[Black "Sapronov, Anatoliy"]
[Result "0-1"]
[WhiteElo "1727"]
[BlackElo "1780"]
[PlyCount "72"]
[EventDate "2011.02.02"]
[EventType "tourn"]
[EventRounds "13"]
[EventCountry "RUS"]
[SourceTitle "EXT 2022"]
[Source "ChessBase"]
[SourceDate "2021.10.06"]
[SourceVersion "1"]
[SourceVersionDate "2021.10.06"]
[SourceQuality "1"]

1. e4 c5 2. Nf3 d6 3. Nc3 Nf6 4. d3 Nc6 5. Be2 a6 6. a3 h6 7. d4 cxd4 8. Nxd4 Bd7 9. 0-0 g5 10. Be3 Ne5 11. Qd2 Qc7 12. Nd5 Nxd5 13. exd5 Nc4 14. Bxc4 Qxc4 15. Ne2 Bf5 16. Rac1 e5 17. dxe6 fxe6 18. b3 Qc7 19. Nd4 Qf7 20. Nxf5 Qxf5 21. c4 Rd8 22. Bb6 Rd7 23. Qe2 Bg7 24. Rcd1 0-0 25. Qd3 Bb2 26. a4 d5 27. Qe2 Bc3 28. cxd5 exd5 29. Bd4 Bb4 30. Qd3 Qf7 31. Qg3 Re8 32. Qd3 Re4 33. Rc1 Qe8 34. Rcd1 Qh5 35. g3 Qe8 36. Kg2 Qe6 0-1